AESOPS FABLES (Record no. 379999)

MARC details
000 -LEADER
fixed length control field 00353nam a2200157Ia 4500
008 - FIXED-LENGTH DATA ELEMENTS--GENERAL INFORMATION
fixed length control field 100122s9999 xx 000 0 und d
082 ## - DEWEY DECIMAL CLASSIFICATION NUMBER
Item number 65447
Classification number BM823.08
100 ## - MAIN ENTRY--PERSONAL NAME
Personal name WATSON CAROL
245 ## - TITLE STATEMENT
Title AESOPS FABLES
250 ## - EDITION STATEMENT
Edition statement 1
260 ## - PUBLICATION, DISTRIBUTION, ETC. (IMPRINT)
Name of publisher, distributor, etc USBORNE PUB
Date of publication, distribution, etc 2003
300 ## - PHYSICAL DESCRIPTION
Extent 64
630 ## - SUBJECT ADDED ENTRY--UNIFORM TITLE
Uniform title AESOPS FABLES
730 ## - ADDED ENTRY--UNIFORM TITLE
Uniform title AESOPS FABLES
942 ## - ADDED ENTRY ELEMENTS (KOHA)
Koha item type Book
Holdings
Withdrawn status Lost status Damaged status Not for loan Home library Current library Date acquired Cost, normal purchase price Total Checkouts Full call number Barcode Date last seen Cost, replacement price Price effective from Koha item type Public note
        S.V. Pathak Library, Vile Parle S.V. Pathak Library, Vile Parle 07/14/2004 65.00   65447 SVPPARLE-65447 01/25/2010 65.00 01/25/2010 Book ", , General, NA"